Calculus : (Record no. 10734)
[ view plain ]
| 000 -LEADER | |
|---|---|
| fixed length control field | 00564nam a22001932 4500 |
| 001 - CONTROL NUMBER | |
| control field | 0000004176 |
| 005 - DATE AND TIME OF LATEST TRANSACTION | |
| control field | 20151217154345.0 |
| 008 - FIXED-LENGTH DATA ELEMENTS--GENERAL INFORMATION | |
| fixed length control field | 070521s xx 000 0 eng d |
| 040 ## - CATALOGING SOURCE | |
| Original cataloging agency | KABU |
| Transcribing agency | KABU |
| 050 #0 - LIBRARY OF CONGRESS CALL NUMBER | |
| Classification number | QA303 |
| Item number | .S74 Suppl. |
| 100 1# - MAIN ENTRY--PERSONAL NAME | |
| Personal name | Steward, James. |
| -- | 0000154598 |
| 245 10 - TITLE STATEMENT | |
| Title | Calculus : |
| Remainder of title | concepts and contexts, single variable. |
| 260 ## - PUBLICATION, DISTRIBUTION, ETC. (IMPRINT) | |
| Place of publication, distribution, etc. | Boston : |
| Name of publisher, distributor, etc. | Brooks/Cole, |
| Date of publication, distribution, etc. | 1998. |
| 300 ## - PHYSICAL DESCRIPTION | |
| Extent | xx, 643, [118] p. |
| 650 #0 - SUBJECT ADDED ENTRY--TOPICAL TERM | |
| Topical term or geographic name as entry element | Calculus. |
| -- | 0000144959 |
| 908 ## - PUT COMMAND PARAMETER (RLIN) | |
| Put command parameter | 070521 |
| 950 ## - LOCAL HOLDINGS (RLIN) | |
| -- | 1 |
| Withdrawn status | Lost status | Source of classification or shelving scheme | Not for loan | Home library | Current library | Date acquired | Total Checkouts | Total Renewals | Full call number | Barcode | Date last seen | Date last checked out | Price effective from | Koha item type |
|---|---|---|---|---|---|---|---|---|---|---|---|---|---|---|
| Library of Congress Classification | Kabarak, Main Campus | Kabarak, Main Campus | 17/12/2015 | 16 | 1 | QA303 .S74 Suppl. | 008645 | 10/01/2023 | 10/12/2022 | 17/12/2015 | General Collection |